000
00199 a2200097 4500
001
20441
100
_a
Shames
245
_a
Machanics of Fluids
260
_a
_b
Mc Graw Hill
_c
090
_c
14876
_d
14876
942
_a
NUST-CAE
_c
M
_c
5420
999
_c
255514
_d
255514